000 00621nam a2200205Ia 4500
003 GCL
008 140319s9999 xx 000 0 ara d
040 _aGCL /
_cGCL
082 0 4 _a829
_bم د
100 1 _aمجدى وهبة
245 1 0 _aداريدن والشعر المسرحى /
_cمجدى وهبة
700 1 _aمحمد عنانى
260 _a[S.N] :
_bالهيئة المصرية العامة للكتاب ،
_c1994
300 _a158 ص
490 _a
650 0 4 _aالشعر المسرحى
650 0 4 _aتاريخ ونقد
650 0 4 _aالادب الانجليزى المترجم
942 _2ddc
_cBK
999 _c30132
_d30132